| 000 | 01073cam a22002771i 4500 | ||
|---|---|---|---|
| 003 | SA-RiAUC | ||
| 005 | 20241014074234.0 | ||
| 008 | 241013s1989 su g b 00010 ara c | ||
| 040 |
_aSA-JeALM _bara _cSA-RiAUC _erda |
||
| 050 | 4 | _b.K88 1989 | |
| 082 | 0 | 4 |
_a081 _qSA-RiAUC |
| 090 |
_a081 _bك ت ب |
||
| 100 | 1 |
_aكتبي، زهير محمد جميل، _d1375 هجري- _eمؤلف. |
|
| 245 | 1 | 2 |
_aالمرحلة والمجتمع / _cزهير محمد جميل كتبي. |
| 250 | _aالطبعة الأولى. | ||
| 264 | 1 |
_aمكة المكرمة : _bزهير محمد جميل كتبي. _c1989 |
|
| 300 |
_a257 صفحة ؛ _c24 سم |
||
| 336 |
_aنص _btxt _2rdacontent _3كتاب |
||
| 337 |
_aبدون وسيط _bn _2rdamedia |
||
| 338 |
_aمجلد _bnc _2rdacarrier |
||
| 500 | _aمقالات صحفية مجموعة. | ||
| 504 | _aيشتمل على إرجاعات ببليوجرافية. | ||
| 650 | 7 |
_aالمقالات العربية _zالسعودية _yقرن 14 هجري. _2aucsh |
|
| 942 |
_2ddc _cBOOK _n0 |
||
| 949 |
_aSA-JeALM _d241013 _umohamedma123 _n1 |
||
| 999 |
_c1292 _d1292 |
||